000
00293pam a2200133 a 4500
020
_c
041
_h
082
_a
005.133
_b
BRA/BRA
100
_a
BRAMER. B.
245
_a
C++FOR ENGINEERS
_h
Textual Documents
260
_b
ARNOLD PUBLISHERS PVT LTD
_c
1996
300
_a
468
930
_a
13268
999
_c
132695
_d
132695